Standard handbook for electrical engineers, prepared by a staff of specialists (Record no. 61508)
[ view plain ]
| 000 -LEADER | |
|---|---|
| fixed length control field | 00796nam a22002057a 4500 |
| 003 - CONTROL NUMBER IDENTIFIER | |
| control field | NUST-PNEC |
| 005 - DATE AND TIME OF LATEST TRANSACTION | |
| control field | 20170116180723.0 |
| 008 - FIXED-LENGTH DATA ELEMENTS--GENERAL INFORMATION | |
| fixed length control field | 141030b xxu||||| |||| 00| 0 eng d |
| 022 ## - INTERNATIONAL STANDARD SERIAL NUMBER | |
| International Standard Serial Number | B000I7ISDQ |
| 040 ## - CATALOGING SOURCE | |
| Transcribing agency | PNEC |
| 082 ## - DEWEY DECIMAL CLASSIFICATION NUMBER | |
| Classification number | 621.30 KNO |
| 100 ## - MAIN ENTRY--PERSONAL NAME | |
| 9 (RLIN) | 870 |
| Personal name | Knowlton, Archer E. |
| 245 ## - TITLE STATEMENT | |
| Title | Standard handbook for electrical engineers, prepared by a staff of specialists |
| Statement of responsibility, etc. | Archer E. Knowlton |
| 250 ## - EDITION STATEMENT | |
| Edition statement | 9th ed. |
| 260 ## - PUBLICATION, DISTRIBUTION, ETC. | |
| Place of publication, distribution, etc. | New York |
| Name of publisher, distributor, etc. | McGraw-Hill Book Company |
| Date of publication, distribution, etc. | c1957. |
| 300 ## - PHYSICAL DESCRIPTION | |
| Extent | 1 vol (various pagings) |
| Dimensions | 21 cm. |
| 500 ## - GENERAL NOTE | |
| General note | http://www.amazon.com/Standard-Handbook-Electrical-Engineers-specialists/dp/B000I7ISDQ/ref=sr_1_sc_3?s=books&ie=UTF8&qid=1414642662&sr=1-3-spell&keywords=STANDARD+HANDBOOK+FOR+ELECTRICAL+ENGINEERS+BY+ARCHER+E.+KNWLTON |
| 650 ## - SUBJECT ADDED ENTRY--TOPICAL TERM | |
| General subdivision | EE |
| 942 ## - ADDED ENTRY ELEMENTS (KOHA) | |
| Source of classification or shelving scheme | |
| Koha item type | Book |
| Withdrawn status | Lost status | Source of classification or shelving scheme | Damaged status | Not for loan | Permanent Location | Current Location | Shelving location | Date acquired | Total Checkouts | Full call number | Barcode | Date last seen | Price effective from | Koha item type |
|---|---|---|---|---|---|---|---|---|---|---|---|---|---|---|
| Pakistan Navy Engineering College (PNEC) | Pakistan Navy Engineering College (PNEC) | Reference | 621.30 KNO | PNECLIB-002409 | 10/30/2014 | Book |
